000 00341nam a2200121Ia 4500
008 220120s9999||||xx |||||||||||||| ||und||
082 _a823 HAD
100 _aHaddon, Mark
_911934
245 4 _aThe curious incident of the dog in the night-time
260 _aVintage
_bNew Delhi
_c2003
300 _a513p.;28cm
_b0
650 _aCOMPUTER PROGRAMS
999 _c137473
_d137473